000
00450nam a2200181Ia 4500
008
090123s9999 xx 000 0 und d
082
_b
33539
100
_a
ओशो
245
_a
विद्रोही
250
_a
1
260
_b
मेहता प्रकाशन
_c
2002
300
_a
330
600
_a
ओशो
630
_a
विद्रोही
700
_a
ओशो
730
_a
विद्रोही
942
_c
BOOK
999
_c
71598
_d
71598